Countries That Drive On The Left Side - Statistics

General Stats
  • This quiz has been taken 57 times
    27 since last reset
  • The average score is 40 of 53
Answer Stats
Country % Correct
United Kingdom
95%
Australia
90%
Bangladesh
90%
Japan
90%
Pakistan
90%
South Africa
90%
Tanzania
90%
Bhutan
85%
Botswana
85%
Indonesia
85%
Kenya
85%
New Zealand
85%
Zambia
85%
Zimbabwe
85%
Dominica
80%
Fiji
80%
India
80%
Lesotho
80%
Malaysia
80%
Namibia
80%
Nepal
80%
Saint Kitts and Nevis
80%
Saint Lucia
80%
Tonga
80%
Trinidad and Tobago
80%
Uganda
80%
Antigua and Barbuda
75%
Brunei
75%
Guyana
75%
Ireland
75%
Jamaica
75%
Malawi
75%
Mozambique
75%
Saint Vincent and the Grenadines
75%
Samoa
75%
Singapore
75%
Sri Lanka
75%
Tuvalu
75%
Grenada
70%
Kiribati
70%
Suriname
70%
Thailand
70%
Barbados
65%
Cyprus
65%
Malta
65%
Papua New Guinea
65%
Seychelles
65%
Bahamas
60%
Mauritius
60%
Nauru
60%
East Timor
55%
Solomon Islands
55%
Maldives
50%
No matching quizzes found
Score Distribution
Percent of People with Each Score
Percentile by Number Answered
Your Score History
You have not taken this quiz since the last reset